Städte in Schlesien - Statistiken

Allgemein
  • Dieses Quiz wurde 40 mal gespielt
  • Das Durchschnittsergebnis liegt bei 8 aus 30
Antwortstatistiken
Antwort % Korrekt
Breslau
91%
Kattowitz
61%
Oppeln
61%
Gleiwitz
48%
Görlitz
42%
Grünberg
39%
Ratibor
39%
Waldenburg
39%
Hindenburg
36%
Liegnitz
36%
Beuthen
33%
Hirschberg
33%
Königshütte
30%
Bunzlau
24%
Glatz
24%
Glogau
21%
Neustadt
18%
Lauban
15%
Neiße
15%
Brieg
12%
Schweidnitz
12%
Tarnowitz
12%
Jauer
9%
Myslowitz
9%
Sagan
9%
Laurahütte
6%
Reichenbach
3%
Striegau
3%
Landeshut
0%
Langenbielau
0%
Keine übereinstimmenden Quizze gefunden
Verteilung der Resultate
Anzahl Personen mit jedem Resultat
Perzentil nach korrekt beantworteten Fragen
Ihre Resultats-Entwicklung
Sie haben dieses Quiz noch nicht gespielt